| 000 | 00512nam a2200181Ia 4500 | ||
|---|---|---|---|
| 999 |
_c5480 _d5480 |
||
| 020 | _a81-903834-1-8 | ||
| 082 | _a304.6 POP- | ||
| 245 | 0 | _aPopulation, resources and development: a geographical perspective | |
| 260 |
_aGuwahati _bEBH Publishers (India) _c2006 |
||
| 300 | _axvi, 212 | ||
| 440 | _aProfessor H.P Das memorial volume; 3 | ||
| 504 | _aincludes index | ||
| 650 | _aSustainable development | ||
| 650 | _aPopulation | ||
| 650 |
_aEnvironment _vSocial aspects |
||
| 700 | _aDas, M.M. | ||
| 942 | _cBK | ||